| 000 | 00701nam a22002297a 4500 | ||
|---|---|---|---|
| 003 | UA-OsUOA | ||
| 001 | 95122 | ||
| 007 | ta | ||
| 008 | 20130225b un ||||| |||| 00| 0 ukr d | ||
| 100 | _aДжованьоли Р. | ||
| 090 |
_a821.161.1 _bД42 |
||
| 942 | _cBK | ||
| 040 |
_aUA-OsUOA _brus _cUA-OsUOA _dUA-OsUOA |
||
| 245 |
_aСпартак _bисторическое повествование из VII века Римской эры |
||
| 300 | _a542 с. | ||
| 955 | _a3 | ||
| 041 | _arus | ||
| 080 | _a821.161.1 | ||
| 260 |
_aМ. _bХудожественная литература _c1986 |
||
| 650 | 7 |
_a82 Література. Літературознавство _2UDC |
|
| 999 |
_c381366 _d381366 |
||